Score 0/20 Timer 05:00
0 Plays Today
Image Movie % Correct
Lawrence of Arabia
89.1%
'Crocodile' Dundee
88.7%
Gladiator
86.9%
The Karate Kid
79.2%
Borat: Cultural Learnings...
78.2%
Taken
75.7%
The Terminal
70.5%
Lost In Translation
69.9%
Monty Python and the Holy Grail
54.2%
European Vacation
53.1%
Image Movie % Correct
A Fish Called Wanda
52%
Good Morning, Vietnam
45.8%
In Bruges
45.6%
The Beach
35%
An American Werewolf in London
33.2%
Eat Pray Love
28.9%
Before Sunrise
27.9%
Far and Away
22.8%
EuroTrip
20.4%
Hostel
11.8%
Remove Ads.
Support Sporcle.
Get the best of Sporcle when you Go Orange. This ad-free experience offers more features, more stats, and more fun while also helping to support Sporcle. Thank you for becoming a member.

You're not logged in!

Compare scores with friends on all Sporcle quizzes.
OR
Log In

Show Comments

Extras

Top Quizzes Today


Score Distribution

Your Account Isn't Verified!

In order to create a playlist on Sporcle, you need to verify the email address you used during registration. Go to your Sporcle Settings to finish the process.

Report this User

Report this user for behavior that violates our Community Guidelines.

Details: